| 000 | 00415cam a22001457a 4500 | ||
|---|---|---|---|
| 008 | 180718b1991 xxu||||| |||| 00| 0 eng d | ||
| 020 | _a8185294046 | ||
| 082 | _aB1243x54 C393 | ||
| 100 | _aChowdhry, Vishwamitra Prasad | ||
| 245 |
_aBharat mein sampradaiyikta _cby Vishwamitra Prasad Chowdhry |
||
| 260 |
_aDelhi _bOrient _c1991 |
||
| 300 | _a196p. | ||
| 650 | _aSecularism - India | ||
| 650 | _aCommunalism - India | ||
| 999 |
_c358210 _d358210 |
||